The book of laughter and forgetting /
| मुख्य लेखक: | |
|---|---|
| अन्य लेखक: | |
| स्वरूप: | पुस्तक |
| भाषा: | English French Czech |
| प्रकाशित: |
London :
Faber and faber,
2000.
|
| विषय: | |
| Classic Catalogue: | View this record in Classic Catalogue |
| LEADER | 01650nam a2200349 a 4500 | ||
|---|---|---|---|
| 001 | 45406 | ||
| 003 | BD-DhAAL | ||
| 005 | 20260401161113.0 | ||
| 008 | 260401t20001996nyu 000 1 eng | ||
| 010 | |a 96033823 | ||
| 020 | |a 0571203876 | ||
| 020 | |a 0060926082 | ||
| 020 | |a 9780060926083 | ||
| 035 | |a 4472004 | ||
| 040 | |a DLC |c DLC |d DLC |d BD-DhAAL | ||
| 041 | 1 | |a eng |h fre |h cze | |
| 050 | 0 | 0 | |a PG5039.21.U6 |b K613 1996 |
| 082 | 0 | 0 | |a 891.8635 |2 20 |
| 100 | 1 | |a Kundera, Milan. | |
| 240 | 1 | 0 | |a Kniha smíchu a zapomnění. |l English |
| 245 | 1 | 4 | |a The book of laughter and forgetting / |c Milan Kundera ; translated from the French by Aaron Asher. |
| 260 | |a London : |b Faber and faber, |c 2000. | ||
| 300 | |a 312 pages ; |c 21 cm. | ||
| 500 | |a Originally published in Czech; this book is a second, entirely different translation from the French Livre du rire et de l'oubli. | ||
| 541 | 1 | |a Donated by Farhana Zahir, Assistant Professor, BRAC Business School, BRAC University |e 45406 | |
| 650 | 0 | |a Czech fiction |y 20th century |x Translations into English. |9 60406 | |
| 650 | 0 | |a English fiction |y 20th century |x Translated from Czech. |9 60407 | |
| 700 | 1 | |a Asher, Aaron. |9 60408 | |
| 852 | 1 | |a Ayesha Abed Library |c General stacks | |
| 942 | |2 ddc |c BK | ||
| 999 | |c 47761 |d 47761 | ||
| 952 | |0 0 |1 0 |2 ddc |4 0 |6 891_863500000000000_KUN |7 0 |9 78878 |a BRACUL |b BRACUL |c NEW |d 2026-04-01 |e Donated by Farhana Zahir, Assistant Professor, BRAC Business School, BRAC University |l 1 |m 1 |o 891.8635 KUN |p 3010045406 |r 2026-05-17 |s 2026-05-04 |t 1 |w 2026-04-01 |y BK |x Donated copy received from Farhana Zahir, Assistant Professor, BRAC Business School, BRAC University on 17 February 2026; £ 5.99 | ||